[Event "Tourn. n10111"]
[Site "www.echecsemail.com"]
[Date "2019.06.11"]
[Round "1"]
[White "Tartan"]
[Black "Virgil08bv"]
[WhiteElo "2460"]
[BlackElo "2630"]
[Result "0-1"]
[Round "1"]
1.d4 Ng8f6
2.c4 e6
3.Nb1c3 Bf8b4
4.Qd1c2 d5
5.a3 Bb4xc3
6.Qc2xc3 c5
7.dxc5 d4
8.Qc3g3 Nb8c6
9.Qg3xg7 Rh8g8
10.Qg7h6 Rg8g6
11.Qh6d2 e5
12.b4 Nf6e4
13.Qd2b2 Qd8f6
14.Ng1f3 Bc8e6
15.Qb2b3 O-O-O
16.Bc1b2 Ne4xf2
17.Kxf2 e4
18.Kg1 exf3
19.exf3 Nc6e5
20.Kf2 Rg6xg2
21.Bf1xg2 Qf6h4
{ resign }
0-1

[Event "1/128 Finale"]
[Site "www.chess-mail.com"]
[Date "2019.06.11"]
[Round "1"]
[White "Llord"]
[Black "Hennie4820"]
[WhiteElo "2010"]
[BlackElo "2000"]
[Result "0-1"]
[Round "1"]
1.e4 c5
2.Bf1c4 Nb8c6
3.Ng1f3 e6
4.O-O Ng8f6
5.e5 Nf6g4
6.h3 Ng4xe5
7.Nf3xe5 Nc6xe5
8.Bc4b3 Bf8e7
9.Rf1e1 d6
10.c3 O-O
11.d4 cxd4
12.cxd4 Ne5g6
13.Qd1h5 b6
14.Bb3c2 f5
15.Nb1c3 Bc8b7
16.Bc1e3 Ra8c8
17.Bc2b3 d5
18.Bb3c2 b5
19.Bc2d3 b4
20.Nc3a4 Qd8d7
21.b3 Bb7c6
22.Na4c5 Be7xc5
23.dxc5 e5
24.Be3g5 e4
25.Bd3a6 Rc8e8
26.Ra1d1 d4
27.Ba6c4 Kh8
28.Bg5e3 d3
29.g3 Ng6e5
30.Re1f1 Ne5f3
31.Kg2 g6
32.Qh5h6 a5
33.Be3c1 e3
34.Bc1b2 Nf3d4
35.Kg1 e2
36.Rd1xd3 exf1Q
37.Kxf1 Qd7e7
38.Bb2xd4 Rf8f6
39.Bd4xf6 Qe7xf6
40.Rd3d1 Qf6e7
41.Qh6c1 Qe7e4
{ resign }
0-1

[Event "1/2 Finale"]
[Site "www.chess-mail.com"]
[Date "2019.06.11"]
[Round "1"]
[White "Vgrynyuk"]
[Black "Conde7"]
[WhiteElo "2820"]
[BlackElo "2830"]
[Result "1/2-1/2"]
[Round "1"]
1.Ng1f3 Ng8f6
2.c4 e6
3.g3 d5
4.d4 Bf8b4
5.Bc1d2 Bb4e7
6.Bf1g2 O-O
7.O-O c6
8.Qd1c2 b6
9.Rf1d1 Nb8d7
10.Bd2f4 Bc8b7
11.Nf3e5 Nf6h5
12.Bf4d2 Nh5f6
13.cxd5 cxd5
14.Ne5c6 Bb7xc6
15.Qc2xc6 a6
16.e3 b5
17.Rd1c1 b4
18.Qc6a4 a5
19.Qa4d1 g6
20.Bd2e1 Qd8b6
21.Nb1d2 Kg7
22.Rc1c2 Rf8c8
23.Ra1c1 Rc8xc2
24.Qd1xc2 Ra8a7
25.Bg2f1 a4
26.Qc2c6 Qb6b8
27.Qc6c8 Qb8xc8
28.Rc1xc8 e5
29.dxe5 Nd7xe5
30.Bf1e2 a3
31.bxa3 Ra7xa3
32.Rc8c2 h5
33.Nd2b3 Nf6e4
34.Nb3d4 Ra3a4
35.h3 f5
36.Kf1 Kf7
37.Be2b5 Ra4a7
38.f3 Ne4f6
39.Rc2b2 Ne5c4
40.Nd4c6 Ra7a3
41.Bb5xc4 dxc4
{ draw }
1/2-1/2

[Event "Tourn. n10132"]
[Site "www.echecsemail.com"]
[Date "2019.06.12"]
[Round "1"]
[White "Obisporey"]
[Black "Coolant"]
[WhiteElo "2580"]
[BlackElo "2340"]
[Result "1-0"]
[Round "1"]
1.e4 c5
2.d4 cxd4
3.c3 dxc3
4.Nb1xc3 Nb8c6
5.Ng1f3 d6
6.Bf1c4 a6
7.O-O Ng8f6
8.e5 dxe5
9.Qd1xd8 Nc6xd8
10.Nf3xe5 e6
11.Rf1d1 Bf8e7
12.Bc4e2 Nf6d7
13.Ne5c4 b5
14.Nc4d6 Be7xd6
15.Rd1xd6 Ke7
16.Rd6d1 Bc8b7
17.b4 Ra8c8
18.Bc1b2 f6
19.a4 bxa4
20.b5 axb5
21.Bb2a3 Nd7c5
22.Ra1c1 Bb7a6
23.Nc3xa4 bxa4
24.Be2xa6 Nd8b7
25.Ba6xb7 { resign }
1-0

[Event "Match"]
[Site "www.echecsemail.com"]
[Date "2019.06.12"]
[Round "1"]
[White "Double2dutch"]
[Black "Calponas"]
[WhiteElo "1959"]
[BlackElo "2060"]
[Result "1-0"]
[Round "1"]
1.c4 e5
2.g3 Ng8f6
3.Bf1g2 Bf8c5
4.Nb1c3 O-O
5.Ng1f3 Nb8c6
6.O-O d6
7.d3 h6
8.a3 a5
9.h3 Bc8e6
10.b3 Ra8b8
11.Bc1b2 Nc6d4
12.Nf3xd4 Bc5xd4
13.e3 Bd4b6
14.Ra1c1 c5
15.Nc3b5 Qd8d7
16.Kh2 Nf6h7
17.d4 cxd4
18.exd4 exd4
19.Nb5xd4 Rf8e8
20.Qd1d2 Nh7g5
21.f4 Ng5xh3
22.Nd4xe6 fxe6
23.Bg2xh3 Qd7c6
24.Rc1e1 Rb8d8
25.Re1xe6 Re8xe6
26.Bh3xe6 Kh8
27.f5 Qc6e8
28.Qd2xh6 { resign }
1-0

[Event "Tourn. n10083"]
[Site "www.echecsemail.com"]
[Date "2019.06.13"]
[Round "1"]
[White "Scasan55"]
[Black "Hundegana"]
[WhiteElo "1980"]
[BlackElo "2000"]
[Result "1/2-1/2"]
[Round "1"]
1.d4 d5
2.Ng1f3 Bc8f5
3.Bc1f4 Nb8c6
4.e3 h6
5.c4 e6
6.cxd5 exd5
7.Bf1d3 Qd8d7
8.O-O Bf5e4
9.Bd3xe4 dxe4
10.Nf3e5 Nc6xe5
11.Bf4xe5 Ng8e7
12.Nb1c3 f5
13.Qd1b3 c6
14.Ra1c1 Ra8c8
15.a4 Ne7g6
16.Be5g3 Qd7f7
17.Qb3xf7 Kxf7
18.Nc3e2 Bf8b4
19.b3 a5
20.Ne2f4 Ng6xf4
21.Bg3xf4 Ke6
22.Bf4e5 Rh8g8
23.Rf1d1 g6
24.g3 g5
25.Kg2 g4
26.Be5f4 h5
27.Rd1h1 Kd5
28.h3 c5
29.dxc5 Rc8xc5
30.Rh1d1 Ke6
31.hxg4 hxg4
32.Rc1xc5 Bb4xc5
33.Rd1h1 b6
34.Rh1h6 Kd7
35.Bf4e5 Rg8f8
36.Kf1 Rf8e8
37.Be5f4 Re8e6
38.Rh6h7 Re6e7
39.Rh7h8 Re7e8
40.Rh8xe8 Kxe8
41.Ke2 Kd7
42.Kd2 Kc6
43.Kc3 b5
44.Bf4e5 bxa4
45.bxa4 Bc5b4
46.Kd4 Bb4e1
47.Be5f4 Be1xf2
48.Ke5 Kc5
49.Kxf5 Kb4
50.Kxe4 Kxa4
51.Bf4c7 Kb4
52.Bc7xa5 Kxa5
53.Kf4 Kb5
54.e4 Kc5
55.Kxg4 Kd6
56.Kf4 Ke6
57.g4 Bf2d4
58.g5 Bd4e5
59.Kg4 Be5g7
60.Kh5 { draw }
1/2-1/2

[Event "Tourn. n10096"]
[Site "www.echecsemail.com"]
[Date "2019.06.13"]
[Round "1"]
[White "Gdmayor"]
[Black "Karadayi"]
[WhiteElo "1429"]
[BlackElo "1330"]
[Result "0-1"]
[Round "1"]
1.e4 d5
2.Qd1h5 Ng8f6
3.Qh5h4 dxe4
4.Nb1c3 Qd8d4
5.Ng1e2 Qd4d6
6.Nc3b5 Qd6c6
7.Ne2d4 Qc6d7
8.Bf1c4 c6
9.Nb5c3 Qd7xd4
10.b3 b5
 { time }
0-1

[Event "Tourn. n10149"]
[Site "www.echecsemail.com"]
[Date "2019.06.13"]
[Round "1"]
[White "Mitja"]
[Black "Bojan"]
[WhiteElo "2000"]
[BlackElo "2040"]
[Result "0-1"]
[Round "1"]
1.d4 d5
2.e3 a6
3.c3 Qd8d6
4.h3 Nb8c6
5.Ng1f3 e5
6.dxe5 Nc6xe5
7.Nf3xe5 Qd6xe5
8.b3 c5
9.Bc1b2 f6
10.Nb1d2 Bc8e6
11.Nd2f3 Qe5c7
12.Bf1e2 Bf8d6
13.c4 dxc4
14.Be2xc4 Be6xc4
15.bxc4 Qc7a5
16.Nf3d2 Ng8h6
17.O-O Ra8d8
18.Qd1e2 Nh6f7
19.Nd2e4 Bd6b8
20.Rf1d1 O-O
21.Rd1xd8 Rf8xd8
22.Qe2g4 Bb8e5
23.Bb2xe5 Nf7xe5
24.Ne4xf6 Kf7
25.Qg4f5 gxf6
26.Qf5xh7 Ke6
27.Qh7xb7 Rd8d7
28.Qb7e4 f5
29.Qe4f4 Rd7g7
30.Qf4h6 Rg7g6
31.Qh6f8 Ne5f7
32.Qf8e8 Kf6
33.f4 Qa5d2
34.Ra1b1 Qd2xg2
{ resign }
0-1

[Event "Tourn. n10123"]
[Site "www.echecsemail.com"]
[Date "2019.06.13"]
[Round "1"]
[White "Dussek"]
[Black "Johnmcbride"]
[WhiteElo "1930"]
[BlackElo "1910"]
[Result "1-0"]
[Round "1"]
1.e4 e5
2.Ng1f3 Nb8c6
3.Bf1c4 Bf8c5
4.b4 Bc5xb4
5.c3 Bb4c5
6.d4 exd4
7.Qd1b3 Qd8e7
8.Nb1d2 Ng8f6
9.O-O O-O
10.Rf1e1 Nc6a5
11.Qb3c2 Na5xc4
12.Nd2xc4 d6
13.Bc1b2 Bc8e6
14.cxd4 Bc5b6
15.Nc4xb6 axb6
16.d5 Be6g4
17.Nf3h4 Rf8c8
18.f3 Bg4d7
19.Nh4f5 Bd7xf5
20.exf5 Qe7d8
21.Qc2c3 c5
22.Re1e2 Qd8d7
23.g4 Rc8e8
24.Re2xe8 Ra8xe8
25.Kf2 Qd7b5
26.Kg3 h6
27.h4 Re8e2
28.Ra1b1 Kf8
29.g5 Nf6h5
30.Kg4 g6
31.Qc3h8 Ke7
32.Bb2f6 Nh5xf6
33.Qh8xf6 Ke8
34.Rb1xb5 Re2xa2
35.Rb5xb6 Ra2a4
36.f4 { resign }
1-0

[Event "Tourn. n10155"]
[Site "www.echecsemail.com"]
[Date "2019.06.13"]
[Round "1"]
[White "Bojan"]
[Black "Apdash"]
[WhiteElo "1990"]
[BlackElo "2200"]
[Result "0-1"]
[Round "1"]
1.e4 c5
2.Nb1c3 d6
3.h3 g6
4.d4 cxd4
5.Qd1xd4 Ng8f6
6.Nc3d5 Bf8g7
7.c3 O-O
8.Bc1g5 Nb8c6
9.Qd4d2 Nf6xe4
10.Qd2e3 Ne4xg5
11.Qe3xg5 Bc8e6
12.Nd5f4 Be6d7
13.Ng1f3 Qd8b6
14.Ra1b1 Bg7xc3
15.Kd1 Bd7f5
16.Nf4d5 Qb6xf2
17.Rb1c1 Bc3xb2
18.Rc1xc6 bxc6
19.Nd5xe7 Kh8
20.Ne7xf5 gxf5
21.Rh1g1 Ra8b8
22.Qg5xf5 f6
23.Bf1d3 Rf8f7
24.Qf5e6 Rf7b7
25.Qe6xd6 Bb2e5
26.Nf3xe5 Rb7b1
{ resign }
0-1

[Event "Tourn. n10147"]
[Site "www.echecsemail.com"]
[Date "2019.06.13"]
[Round "1"]
[White "D4minance"]
[Black "Coolant"]
[WhiteElo "2800"]
[BlackElo "2380"]
[Result "1-0"]
[Round "1"]
1.d4 Ng8f6
2.c4 g6
3.g3 Bf8g7
4.Bf1g2 O-O
5.Nb1c3 d6
6.Ng1f3 Nb8d7
7.O-O c6
8.e4 e5
9.h3 h6
10.Bc1e3 Qd8c7
11.Qd1d2 Kh7
12.Ra1c1 Rf8e8
13.Qd2c2 Nd7f8
14.d5 c5
15.Nf3e1 a6
16.Ne1d3 Bc8d7
17.f4 Nf6h5
18.fxe5 Nh5xg3
19.exd6 Qc7xd6
20.Be3xc5 Qd6c7
21.Rf1xf7 Qc7c8
22.Qc2f2 { resign }
1-0

[Event "1/64 Finale"]
[Site "www.chess-mail.com"]
[Date "2019.06.13"]
[Round "1"]
[White "Bevittsmith"]
[Black "Cal"]
[WhiteElo "2280"]
[BlackElo "1610"]
[Result "1-0"]
[Round "1"]
1.e4 e5
2.Ng1f3 d6
3.d4 Bc8g4
4.dxe5 Bf8e7
5.Bf1c4 h6
6.O-O a6
7.h3 Bg4h5
8.exd6 cxd6
9.e5 Nb8c6
10.exd6 Be7xd6
11.Qd1d5 Ng8f6
12.Rf1e1 Kf8
13.Qd5d3 Bh5xf3
14.Qd3xf3 Qd8d7
15.Bc1e3 Bd6e5
16.Be3c5 Kg8
17.Nb1c3 Ra8e8
18.Ra1d1 Qd7c7
19.Bc4b3 b6
20.Bc5e3 g6
21.Nc3d5 Nf6xd5
22.Bb3xd5 Nc6d8
23.Be3d4 Rh8h7
24.Bd4xe5 Qc7xc2
25.Be5c3 Re8xe1
26.Rd1xe1 h5
27.Re1e8 
1-0

[Event "Match"]
[Site "www.echecsemail.com"]
[Date "2019.06.14"]
[Round "1"]
[White "Pforjan"]
[Black "Stevep84"]
[WhiteElo "2330"]
[BlackElo "2290"]
[Result "0-1"]
[Round "1"]
1.e4 c6
2.d4 d5
3.Nb1c3 dxe4
4.Nc3xe4 Bc8f5
5.Ne4g3 Bf5g6
6.h4 h6
7.Ng1f3 Nb8d7
8.h5 Bg6h7
9.Bf1d3 Bh7xd3
10.Qd1xd3 e6
11.Bc1d2 Ng8f6
12.O-O-O Bf8e7
13.Kb1 Qd8b6
14.Rh1e1 O-O
15.Ng3f5 exf5
16.Re1xe7 Qb6d8
17.Re7e2 Nf6e4
18.Bd2b4 Rf8e8
19.g4 fxg4
20.Re2xe4 Re8xe4
21.Qd3xe4 Nd7f6
22.Qe4f5 gxf3
23.Qf5xf3 Nf6d5
24.Bb4a3 Qd8g5
 { time }
0-1

[Event "Match"]
[Site "www.echecsemail.com"]
[Date "2019.06.14"]
[Round "1"]
[White "Yudoka"]
[Black "Marbachess"]
[WhiteElo "2400"]
[BlackElo "2560"]
[Result "0-1"]
[Round "1"]
1.d4 d5
2.c4 e6
3.Ng1f3 Ng8f6
4.Nb1c3 h6
5.Bc1f4 Bf8d6
6.Bf4g3 Bd6xg3
7.hxg3 O-O
8.e3 Qd8e7
9.Ra1c1 Rf8d8
10.cxd5 exd5
11.Bf1d3 c5
12.dxc5 d4
13.Nf3xd4 Rd8xd4
14.Bd3h7 Kxh7
15.Qd1xd4 Nb8c6
16.Qd4d6 Qe7e5
 { time }
0-1

[Event "Tourn. n10109"]
[Site "www.echecsemail.com"]
[Date "2019.06.14"]
[Round "1"]
[White "Malbertan"]
[Black "Libiesse"]
[WhiteElo "1980"]
[BlackElo "1810"]
[Result "1/2-1/2"]
[Round "1"]
1.d4 d5
2.c4 e6
3.Nb1c3 Bf8e7
4.Ng1f3 Ng8f6
5.Bc1g5 Nb8d7
6.e3 O-O
7.Ra1c1 h6
8.Bg5h4 c5
9.dxc5 Nd7xc5
10.cxd5 g5
11.Bh4g3 Nf6xd5
12.Nc3xd5 exd5
13.h4 g4
14.Nf3e5 Qd8a5
15.Qd1d2 Qa5xd2
16.Kxd2 Nc5e4
17.Ke2 Ne4xg3
18.fxg3 Bc8e6
19.Kf2 Be7f6
20.Ne5d3 Ra8c8
21.Bf1e2 h5
22.b3 Kg7
23.Nd3f4 Kh6
24.Rh1d1 a6
25.Rc1xc8 Rf8xc8
26.Nf4xd5 Be6xd5
27.Rd1xd5 Rc8c2
28.Rd5d6 Kg7
29.a4 Rc2b2
30.Rd6b6 Bf6e5
31.Rb6xb7 Be5xg3
32.Kxg3 Rb2xe2
33.Rb7e7 Kf6
34.Re7e4 Kf5
35.Re4f4 Kg6
36.b4 Re2xe3
37.Kf2 Re3b3
38.Ke2 { draw }
1/2-1/2

[Event "Match"]
[Site "www.echecsemail.com"]
[Date "2019.06.14"]
[Round "1"]
[White "Calponas"]
[Black "Eeze"]
[WhiteElo "2020"]
[BlackElo "1930"]
[Result "1-0"]
[Round "1"]
1.e4 e5
2.Ng1f3 d6
3.d4 Bc8g4
4.dxe5 Bg4xf3
5.Qd1xf3 dxe5
6.Bf1c4 Ng8f6
7.Qf3b3 Qd8e7
8.Bc1g5 Qe7b4
9.Qb3xb4 Bf8xb4
10.c3 Bb4e7
11.Nb1d2 c6
12.O-O-O Nb8d7
13.f3 b5
14.Bc4b3 Be7c5
15.Nd2f1 O-O
16.Nf1g3 h6
17.Bg5d2 Rf8d8
18.Ng3f5 Nd7b6
19.h4 Nb6c4
20.Bb3xc4 bxc4
21.Bd2e3 Bc5xe3
22.Nf5xe3 Nf6h5
23.Rd1xd8 Ra8xd8
24.Rh1d1 Rd8xd1
25.Kxd1 Nh5f4
26.g3 Nf4e6
27.Ne3xc4 f6
28.Kd2 Kf8
29.Kd3 Ke7
30.Nc4a5 Kd7
31.Kc4 Kc7
32.b4 a6
33.Na5b3 Kb6
34.a4 h5
35.a5 Kc7
36.Nb3c5 Ne6xc5
37.Kxc5 g6
38.c4 g5
39.b5 cxb5
40.cxb5 axb5
41.Kxb5 Kb7
42.Kc5 Ka6
43.Kd5 Kxa5
44.Ke6 gxh4
45.gxh4 f5
46.Kxf5 { resign }
1-0

[Event "Tourn. n10124"]
[Site "www.echecsemail.com"]
[Date "2019.06.14"]
[Round "1"]
[White "Tartan"]
[Black "Coolant"]
[WhiteElo "2460"]
[BlackElo "2350"]
[Result "1-0"]
[Round "1"]
1.e4 c5
2.Ng1f3 e6
3.d4 cxd4
4.Nf3xd4 a6
5.Nb1c3 Qd8c7
6.Bf1e2 Bf8d6
7.Bc1e3 Ng8f6
8.h3 Bd6b4
9.O-O Bb4xc3
10.bxc3 Nf6xe4
11.c4 Nb8c6
12.Be2f3 Ne4f6
13.Nd4xc6 dxc6
14.Be3c5 Bc8d7
15.Ra1b1 b5
16.Qd1d2 Ra8d8
17.Bc5d6 Qc7a7
18.Rf1e1 Nf6g8
19.Qd2g5 g6
20.Re1xe6 Bd7xe6
21.Bf3xc6 Rd8d7
22.Qg5e5 Qa7b6
23.Qe5g7 { resign }
1-0

[Event "Tourn. n10129"]
[Site "www.echecsemail.com"]
[Date "2019.06.14"]
[Round "1"]
[White "Malbertan"]
[Black "Jerome"]
[WhiteElo "2020"]
[BlackElo "1869"]
[Result "0-1"]
[Round "1"]
1.e4 c5
2.Ng1f3 e6
3.d4 cxd4
4.Nf3xd4 Ng8f6
5.Nb1c3 d6
6.Bc1g5 Bf8e7
7.f4 h6
8.Bg5h4 Nb8c6
9.Nd4b5 a6
10.Bh4xf6 gxf6
11.Nb5d4 Qd8b6
12.Nd4b3 Qb6e3
13.Bf1e2 Qe3xf4
14.g3 Qf4g5
15.O-O h5
16.Nb3d2 h4
17.Nd2f3 Qg5e3
18.Kg2 b5
19.Nf3xh4 b4
20.Rf1f3 Qe3g5
{ resign }
0-1

[Event "Tourn. n10131"]
[Site "www.echecsemail.com"]
[Date "2019.06.14"]
[Round "1"]
[White "Louis"]
[Black "Bojan"]
[WhiteElo "2110"]
[BlackElo "2180"]
[Result "1-0"]
[Round "1"]
1.d4 d5
2.c4 dxc4
3.Ng1f3 Bc8g4
4.e3 Qd8d6
5.Bf1xc4 f6
6.O-O e6
7.h3 Bg4h5
8.Nb1c3 Nb8d7
9.e4 Qd6c6
10.Bc4b3 O-O-O
11.g4 Bh5g6
12.Bc1f4 Bg6xe4
13.Nc3xe4 Qc6xe4
14.Bf4g3 Rd8e8
15.a3 Nd7b6
16.Rf1e1 Qe4c6
17.Ra1c1 Qc6d7
18.Nf3d2 Bf8d6
19.Bg3xd6 Qd7xd6
20.Nd2e4 Qd6f4
21.Ne4c5 e5
22.dxe5 fxe5
23.Nc5e6 Qf4f7
24.Ne6xc7 Qf7e7
25.Nc7a6 { resign }
1-0

[Event "Tourn. n10043"]
[Site "www.echecsemail.com"]
[Date "2019.06.14"]
[Round "1"]
[White "Conde7"]
[Black "Nevaeh"]
[WhiteElo "2790"]
[BlackElo "2349"]
[Result "1-0"]
[Round "1"]
1.a3 c5
2.c4 Nb8c6
3.Nb1c3 Ng8f6
4.Ng1f3 g6
5.e4 Bf8g7
6.d3 O-O
7.Bf1e2 b6
8.O-O Bc8b7
9.Bc1f4 d6
10.Qd1d2 Nf6g4
11.b4 cxb4
12.axb4 Nc6xb4
13.d4 a5
14.d5 Ra8c8
15.Ra1c1 Bb7a6
16.Nc3a4 Ng4f6
17.Qd2e3 Nb4a2
18.Rc1c2 Na2b4
19.Rc2c1 Rc8b8
20.Nf3d4 Qd8d7
21.Nd4b5 Ba6xb5
22.cxb5 Qd7a7
23.h4 Nf6d7
24.h5 Rb8c8
25.Be2c4 Qa7b7
26.h6 Bg7f6
27.Qe3e2 Rc8a8
28.Rf1d1 Rf8c8
29.g3 Qb7c7
30.Bc4b3 Nd7c5
31.e5 Bf6h8
32.Rc1xc5 bxc5
33.b6 Qc7d7
34.e6 fxe6
35.dxe6 Qd7c6
36.Bf4xd6 c4
37.b7 Qc6xb7
38.Bb3xc4 Rc8xc4
39.Qe2xc4 Qb7f3
40.Rd1d2 Bh8f6
41.Bd6xe7 Bf6xe7
42.Na4b6 Qf3c6
43.Qc4xc6 Nb4xc6
44.Nb6xa8 Be7f8
45.Rd2d7 a4
46.Na8b6 a3
47.Nb6d5 Kh8
48.Rd7f7 Bf8xh6
49.e7 Nc6xe7
50.Rf7xe7 Bh6f8
51.Re7d7 a2
52.Rd7a7 Bf8c5
53.Ra7xa2 Kg7
54.Ra2c2 Bc5d6
55.Rc2c7 Bd6xc7
56.Nd5xc7 Kf6
57.Nc7d5 Kf5
58.f3 Ke5
59.Nd5f4 g5
60.Nf4h3 h6
61.Nh3xg5 hxg5
62.Kf2 Kd4
63.Ke2 Ke5
64.Kd3 Kd5
65.g4 Ke5
66.Ke3 Kf6
67.Kd4 Ke6
68.Ke4 Kf6
69.Kd5 Kf7
70.Ke5 Kg6
71.Ke6 Kh7
72.Kf5 Kh6
73.Kf6 Kh7
74.Kxg5 Kg7
75.f4 Kf7
76.f5 Kg7
77.f6 Kf7
78.Kf5 Kg8
79.g5 Kf7
80.g6 Kg8
81.g7 Kf7
82.g8Q Kxg8
83.Ke6 Kf8
84.f7 Kg7
85.Ke7 Kg6
86.f8Q Kg5
87.Qf8f3 Kg6
88.Qf3g4 Kh7
89.Kf6 { resign }
1-0

[Event "Match"]
[Site "www.echecsemail.com"]
[Date "2019.06.14"]
[Round "1"]
[White "Apdash"]
[Black "Jesmantiz"]
[WhiteElo "2140"]
[BlackElo "2120"]
[Result "0-1"]
[Round "1"]
1.e4 c5
2.Ng1f3 a6
3.d4 cxd4
4.Nf3xd4 e6
5.a3 Qd8c7
6.c4 Nb8c6
7.Bc1e3 Ng8f6
8.Nb1c3 Bf8e7
9.Nd4xc6 bxc6
10.c5 O-O
11.Bf1c4 Ra8b8
12.Qd1e2 d5
13.exd5 exd5
14.Bc4xa6 Bc8xa6
15.Qe2xa6 Rb8xb2
16.h3 Qc7e5
17.Nc3e2 Rb2xe2
18.Kxe2 d4
19.Qa6xc6 dxe3
20.fxe3 Be7xc5
21.Qc6f3 Rf8e8
22.Rh1d1 Qe5b2
23.Kf1 Bc5xe3
24.Rd1e1 Re8e4
25.Ra1b1 Qb2e5
26.g3 h5
27.Rb1b3 Nf6d5
28.Rb3b7 Qe5e6
29.Qf3xh5 Qe6a6
30.Re1e2 Qa6xb7
31.Kg2 Re4e6
32.Kh2 Qb7b3
33.Kg2 Qb3d3
34.a4 Re6g6
35.Kh2 Qd3e4
36.Re2b2 Be3f4
37.Rb2g2 Nd5e3
38.Rg2g1 Bf4xg3
39.Rg1xg3 Ne3f1
{ resign }
0-1

[Event "Match"]
[Site "www.echecsemail.com"]
[Date "2019.06.15"]
[Round "1"]
[White "Chapi"]
[Black "Apdash"]
[WhiteElo "2090"]
[BlackElo "2060"]
[Result "1-0"]
[Round "1"]
1.d4 Ng8f6
2.c4 g6
3.Nb1c3 Bf8g7
4.Ng1f3 O-O
5.e4 d6
6.Bf1e2 Nb8d7
7.O-O e5
8.Bc1g5 h6
9.Bg5h4 exd4
10.Nf3xd4 Qd8e7
11.f4 Nd7c5
12.Be2f3 c6
13.Rf1e1 Qe7c7
14.b4 Nc5e6
15.f5 Ne6xd4
16.Qd1xd4 g5
17.Bh4g3 Nf6xe4
18.Qd4d3 Bg7xc3
19.Re1xe4 Bc3xa1
20.Bg3xd6 Qc7d8
21.Re4e1 Ba1f6
22.c5 Rf8e8
23.Re1d1 a5
24.Qd3c4 Bc8xf5
25.b5 Bf5e6
26.Qc4c2 Qd8c8
27.Rd1f1 cxb5
28.Bf3h5 Qc8c6
29.Rf1xf6 Kg7
30.Bd6e5 Kf8
31.Be5d6 Kg7
32.Qc2c3 Kh7
33.Bh5xf7 Be6xf7
34.Rf6xf7 Kg6
35.Rf7f6 Kg7
36.Rf6e6 Kg8
37.Re6g6 { resign }
1-0

[Event "Tourn. n10155"]
[Site "www.echecsemail.com"]
[Date "2019.06.15"]
[Round "1"]
[White "Bojan"]
[Black "Fantomas"]
[WhiteElo "2020"]
[BlackElo "2190"]
[Result "1/2-1/2"]
[Round "1"]
1.e4 e5
2.Nb1c3 c6
3.Ng1f3 d6
4.h3 Bc8e6
5.d4 Qd8c7
6.d5 Be6d7
7.a4 Ng8f6
8.Bc1g5 Bf8e7
9.Qd1d2 h6
10.Bg5h4 O-O
11.Bf1d3 a5
12.Nf3h2 Nf6xe4
13.Bd3xe4 Be7xh4
14.Qd2d3 f5
15.dxc6 fxe4
16.Qd3d5 Kh8
17.cxd7 Bh4xf2
18.Ke2 Nb8xd7
19.Qd5xe4 Rf8f4
20.Qe4d3 Nd7c5
21.Qd3b5 Rf4b4
22.Nc3d5 Qc7f7
23.Nd5xb4 axb4
24.Rh1f1 Nc5e4
25.Nh2f3 Bf2c5
26.Rf1e1 Ne4g3
27.Kd1 e4
28.Nf3d2 Bc5f2
29.Qb5xb4 Bf2xe1
30.Kxe1 Ra8f8
31.Qb4d4 d5
32.Ra1a3 Ng3f5
33.Qd4c5 h5
34.b4 h4
35.Qc5f2 e3
36.Qf2f4 exd2
37.Kxd2 Qf7e7
38.Ra3b3 Nf5g3
39.Qf4d4 Qe7e2
40.Kc1 Qe2e1
41.Kb2 Qe1e4
42.Qd4c5 Rf8f7
43.Rb3d3 Qe4e5
44.Ka2 Rf7c7
45.Qc5f2 d4
46.Kb3 Rc7c3
47.Kb2 Rc3xd3
48.cxd3 Qe5e2
49.Qf2xe2 Ng3xe2
50.Kb3 Kg8
51.a5 Ne2c3
52.Kc4 Kf8
53.Kxd4 Nc3a4
54.b5 Ke7
55.a6 bxa6
56.bxa6 Kd6
57.a7 Na4b6
58.Ke4 Kc7
59.Kf5 Kb7
60.Kg4 Nb6d5
61.Kxh4 Nd5f4
62.g4 Kxa7
63.g5 g6
64.d4 Kb7
65.Kg4 Nf4xh3
66.Kxh3 Kc6
67.Kg4 Kd5
68.Kf4 Kxd4
69.Kf3 Ke5
70.Kg3 Kf5
71.Kf3 Kxg5
72.Kg3 Kh5
73.Kh3 g5
74.Kg3 g4
75.Kg2 Kg5
76.Kg3 { draw }
1/2-1/2

[Event "Match"]
[Site "www.echecsemail.com"]
[Date "2019.06.15"]
[Round "1"]
[White "Eeze"]
[Black "Gambitmiau"]
[WhiteElo "1910"]
[BlackElo "1910"]
[Result "1-0"]
[Round "1"]
1.e4 Nb8c6
2.c3 d5
3.exd5 Qd8xd5
4.c4 Qd5e5
5.Qd1e2 Qe5xe2
6.Ng1xe2 e5
7.a3 Bc8f5
8.Nb1c3 h6
9.Nc3b5 O-O-O
10.b4 a6
11.Nb5c3 g5
12.Nc3d5 Bf5e6
13.Ne2c3 Ng8e7
14.Bc1b2 Be6xd5
15.cxd5 Ne7xd5
16.Nc3e4 f5
17.Ne4g3 Nc6d4
18.Bb2xd4 exd4
19.Ng3xf5 b6
20.Nf5xd4 Bf8g7
21.Bf1xa6 Kd7
22.Ba6b5 Kd6
23.Nd4f5 Ke6
24.Nf5xg7 Kf7
25.Ng7f5 Kf6
26.Nf5e3 Nd5f4
27.Ra1d1 Rh8h7
28.g3 Nf4d3
29.Bb5xd3 Rd8xd3
30.Rd1a1 Rh7d7
31.Ra1a2 Rd3b3
32.O-O Rb3d3
33.Ne3g4 Ke6
34.Ng4xh6 Kf6
35.Nh6g4 Kf5
36.h3 Rd7h7
37.Kg2 Rh7d7
38.Ng4e3 Ke4
39.Ne3g4 Rd3xd2
40.Ra2xd2 Rd7xd2
41.Rf1e1 Kd4
42.Re1e7 Rd2a2
43.Re7d7 Kc3
44.Rd7xc7 Kb3
45.Rc7a7 Kc4
46.Ng4e3 Kb3
47.Ra7a6 Ra2xa3
48.Ra6xb6 Ra3a4
49.Ne3d5 Kc4
50.Nd5e3 Kb3
51.b5 Kb4
52.Ne3c2 Kc4
53.Nc2e3 Kc5
54.Rb6g6 Kxb5
55.Rg6xg5 Kc6
56.h4 { resign }
1-0

[Event "Match"]
[Site "www.echecsemail.com"]
[Date "2019.06.15"]
[Round "1"]
[White "Geodad5"]
[Black "Whitekknight"]
[WhiteElo "2090"]
[BlackElo "1920"]
[Result "1-0"]
[Round "1"]
1.e4 e5
2.Ng1f3 Nb8c6
3.d4 exd4
4.Nf3xd4 Qd8e7
5.Nb1c3 Nc6xd4
6.Qd1xd4 b6
7.Nc3d5 Qe7d6
8.e5 Qd6c6
9.c4 Bf8c5
10.Qd4g4 g6
11.b4 Bc5f8
12.Bc1b2 Bf8g7
13.f4 d6
14.Qg4f3 Bc8e6
15.Nd5f6 { resign }
1-0

[Event "Tourn. n10129"]
[Site "www.echecsemail.com"]
[Date "2019.06.15"]
[Round "1"]
[White "Fabos12"]
[Black "Malbertan"]
[WhiteElo "1870"]
[BlackElo "2020"]
[Result "0-1"]
[Round "1"]
1.d4 e6
2.Ng1f3 Ng8f6
3.c4 d5
4.Nb1c3 Bf8b4
5.Bc1g5 dxc4
6.e4 h6
7.Bg5h4 g5
8.Nf3xg5 hxg5
9.Bh4xg5 Bb4e7
10.Bg5xf6 Be7xf6
11.e5 Bf6e7
12.Bf1xc4 Nb8c6
13.Bc4b5 Bc8d7
14.Bb5xc6 Bd7xc6
15.Qd1g4 Qd8d7
16.O-O-O O-O-O
17.Kb1 { time. }
0-1

[Event "Tourn. n10131"]
[Site "www.echecsemail.com"]
[Date "2019.06.15"]
[Round "1"]
[White "Bojan"]
[Black "Claudia"]
[WhiteElo "2140"]
[BlackElo "2140"]
[Result "0-1"]
[Round "1"]
1.d4 d5
2.Nb1d2 Ng8f6
3.h3 e6
4.a3 c5
5.dxc5 Bf8xc5
6.e3 O-O
7.Nd2b3 Bc5b6
8.Bc1d2 Nb8c6
9.Ng1f3 e5
10.c3 e4
11.Nf3d4 Qd8d6
12.c4 a6
13.Nd4xc6 bxc6
14.c5 Bb6xc5
15.Nb3xc5 Qd6xc5
16.Bd2b4 Qc5b6
17.Bb4xf8 Kxf8
18.Qd1c2 Ra8b8
19.Ra1b1 d4
20.exd4 Qb6xd4
21.Bf1e2 e3
22.O-O exf2
23.Kh1 Bc8xh3
24.Be2f3 Bh3g4
25.Rf1xf2 Bg4f5
26.Qc2xf5 Qd4xf2
27.Qf5d3 Rb8xb2
28.Bf3xc6 Rb2xb1
29.Kh2 Qf2h4
{ resign }
0-1

[Event "Fast Game"]
[Site "www.echecsemail.com"]
[Date "2019.06.15"]
[Round "1"]
[White "Stevep84"]
[Black "Claudia"]
[WhiteElo "1920"]
[BlackElo "2010"]
[Result "0-1"]
[Round "1"]
1.e4 c5
2.Ng1f3 d6
3.d4 cxd4
4.Nf3xd4 Ng8f6
5.Nb1c3 e6
6.g4 h6
7.h4 Nb8c6
8.Rh1g1 d5
9.Nd4xc6 bxc6
10.g5 hxg5
11.Bc1xg5 Bf8e7
12.e5 Nf6d7
13.f4 f6
14.Bg5xf6 gxf6
15.Rg1g8 Rh8xg8
16.Qd1h5 Kf8
17.Qh5h6 Kf7
18.Qh6h5 Rg8g6
19.f5 exf5
20.e6 Kg7
21.exd7 Bc8xd7
22.O-O-O Qd8h8
23.Qh5e2 Be7b4
24.a3 Ra8e8
25.Qe2a6 Bb4xc3
26.bxc3 Qh8xh4
27.Qa6xa7 Qh4f4
28.Kb1 Qf4b8
29.Qa7xb8 Re8xb8
30.Ka1 Rg6g1
31.Rd1e1 f4
32.Ka2 Rb8e8
33.Re1b1 Re8e7
34.Bf1d3 Rg1xb1
35.Kxb1 f3
{ resign }
0-1

[Event "Match"]
[Site "www.echecsemail.com"]
[Date "2019.06.16"]
[Round "1"]
[White "Apdash"]
[Black "Astrys"]
[WhiteElo "2100"]
[BlackElo "1799"]
[Result "1-0"]
[Round "1"]
1.e4 c5
2.Ng1f3 d6
3.Bf1c4 e6
4.O-O Ng8f6
5.Nb1c3 Bf8e7
6.d4 cxd4
7.Nf3xd4 O-O
8.Bc1g5 Nb8c6
9.Nc3b5 a6
10.Nb5c3 Nc6xd4
11.Qd1xd4 Bc8d7
12.Ra1d1  { time }
1-0

[Event "Tourn. n10143"]
[Site "www.echecsemail.com"]
[Date "2019.06.16"]
[Round "1"]
[White "Fantomas"]
[Black "Eugenius"]
[WhiteElo "2240"]
[BlackElo "2260"]
[Result "1-0"]
[Round "1"]
1.Ng1f3 Ng8f6
2.b3 g6
3.Bc1b2 Bf8g7
4.Nb1c3 O-O
5.g3 b6
6.Bf1g2 Bc8b7
7.d4 c5
8.O-O d6
9.Rf1e1 cxd4
10.Nf3xd4 d5
11.e3 Nb8d7
12.Nd4e2 e6
13.Ne2f4 a6
14.Nc3e2 Qd8c7
15.Ra1c1 b5
16.c3 Nd7b6
17.Qd1d3  { time }
1-0

[Event "Tourn. n10143"]
[Site "www.echecsemail.com"]
[Date "2019.06.16"]
[Round "1"]
[White "Bojan"]
[Black "Eugenius"]
[WhiteElo "2160"]
[BlackElo "2260"]
[Result "1-0"]
[Round "1"]
1.d4 d5
2.Nb1d2 Ng8f6
3.Ng1f3 Bc8f5
4.Nf3e5 e6
5.Nd2f3 h6
6.h3 Bf8e7
7.g4 Bf5e4
8.Bf1g2 Nf6d7
9.Bc1f4 Nd7xe5
10.Bf4xe5 O-O
11.O-O Nb8d7
12.Be5g3 c5
13.c3 cxd4
14.Qd1xd4 Be7f6
15.Qd4b4 Qd8b6
16.Qb4xb6  { time }
1-0

[Event "Tourn. n10143"]
[Site "www.echecsemail.com"]
[Date "2019.06.16"]
[Round "1"]
[White "Eugenius"]
[Black "Apdash"]
[WhiteElo "2260"]
[BlackElo "2110"]
[Result "0-1"]
[Round "1"]
1.d4 Ng8f6
2.c4 g6
3.Nb1c3 Bf8g7
4.e4 d6
5.Ng1f3 O-O
6.Bf1e2 Bc8g4
7.Bc1e3 Nb8d7
8.O-O e5
9.d5 Qd8e7
10.Nf3e1 Bg4xe2
11.Qd1xe2 c6
12.Ne1d3 h5
13.Be3g5 Nd7b6
 { time }
0-1